Organic Waste as Potencial Energy Source for Biogas Productions

Salvato in:
Dettagli Bibliografici
Autore principale: Chávez Fuentes, Juan José
Natura: Libro
Lingua:slovacco
Pubblicazione: Bratislava STU FCHPT 2010
Accesso online:Visualizza in OPAC
Tags: Aggiungi Tag
Nessun Tag, puoi essere il primo ad aggiungerne!!

MARC

LEADER 00000nam a2200000 a 4500
005 20260127134353.0
008 101018 2010 xo 000 0 slo d
035 |a vtls010179875 
039 9 |a 201010190851  |b mschk03  |y 201010180913  |z mschk03 
040 |a STUSCHK1  |b slo  |c STUSCHK1  |e AACR2 
100 1 |a Chávez Fuentes, Juan José 
245 1 |a Organic Waste as Potencial Energy Source for Biogas Productions  |c Chávez Fuentes, Juan José 
260 |a Bratislava  |b STU FCHPT  |c 2010 
300 |a 42 s.  |b il.  |c 30 cm 
500 |a Obháj.: 13.7. 2010 
500 |a Študijný program: chemické inžinierstvo 
500 |a Študijný odbor: 5.2.17 chemické inžinierstvo 
500 |a Bakalárska práca 
500 |a FCHPT, Oddelenie chemického a biochemického inžinierstva 
500 |a Evidenčné číslo: 5431-50028 
910 |a SCHK95 
999 |c 11087  |d 11087